Treasury Bill Auctions : Issues and Uses /

We review the main issues that arise in the design of treasury bill auctions and survey the relevant empirical literature. We also provide a detailed description of the actual design of these auctions in a sample of 42 industrial and developing countries.

Détails bibliographiques
Auteur principal: Cottarelli, Carlo
Autres auteurs: Bartolini, Leonardo
Format: Revue
Langue:English
Publié: Washington, D.C. : International Monetary Fund, 1994.
Collection:IMF Working Papers; Working Paper ; No. 1994/135
Accès en ligne:Full text available on IMF
LEADER 01337cas a2200253 a 4500
001 AALejournalIMF009135
008 230101c9999 xx r poo 0 0eng d
020 |c 5.00 USD 
020 |z 9781451855647 
022 |a 1018-5941 
040 |a BD-DhAAL  |c BD-DhAAL 
100 1 |a Cottarelli, Carlo. 
245 1 0 |a Treasury Bill Auctions :   |b Issues and Uses /  |c Carlo Cottarelli, Leonardo Bartolini. 
264 1 |a Washington, D.C. :  |b International Monetary Fund,  |c 1994. 
300 |a 1 online resource (70 pages) 
490 1 |a IMF Working Papers 
500 |a <strong>Off-Campus Access:</strong> No User ID or Password Required 
500 |a <strong>On-Campus Access:</strong> No User ID or Password Required 
506 |a Electronic access restricted to authorized BRAC University faculty, staff and students 
520 3 |a We review the main issues that arise in the design of treasury bill auctions and survey the relevant empirical literature. We also provide a detailed description of the actual design of these auctions in a sample of 42 industrial and developing countries. 
538 |a Mode of access: Internet 
700 1 |a Bartolini, Leonardo. 
830 0 |a IMF Working Papers; Working Paper ;  |v No. 1994/135 
856 4 0 |z Full text available on IMF  |u http://elibrary.imf.org/view/journals/001/1994/135/001.1994.issue-135-en.xml  |z IMF e-Library